Welcome to CU Library Online Public Access Catalogue (OPAC)

A world regional geography : (Record no. 4041)

MARC details
000 -LEADER
fixed length control field 00596cam a2200193 a 4500
001 - CONTROL NUMBER
control field 694125
005 - DATE AND TIME OF LATEST TRANSACTION
control field 20250221125950.0
008 - FIXED-LENGTH DATA ELEMENTS--GENERAL INFORMATION
fixed length control field 960730s1997 wiuab b 001 0 eng d
020 ## - INTERNATIONAL STANDARD BOOK NUMBER
International Standard Book Number 9780697216922
020 ## - INTERNATIONAL STANDARD BOOK NUMBER
International Standard Book Number 0697216926
050 00 - LIBRARY OF CONGRESS CALL NUMBER
Classification number G116
Item number .B73 1997
082 00 - DEWEY DECIMAL CLASSIFICATION NUMBER
Classification number 909
Edition information 21
100 1# - MAIN ENTRY--PERSONAL NAME
Personal name Bradshaw, Michael J.
Fuller form of name (Michael John),
Dates associated with a name 1935 -
245 12 - TITLE STATEMENT
Title A world regional geography :
Remainder of title the new global order /
Statement of responsibility, etc. Michael Bradshaw.
260 ## - PUBLICATION, DISTRIBUTION, ETC.
Place of publication, distribution, etc. Madison, WI :
Name of publisher, distributor, etc. Brown & Benchmark,
Date of publication, distribution, etc. c1997.
300 ## - PHYSICAL DESCRIPTION
Extent xxi, 594 :
Other physical details ill. (some col.), col. maps ;
Dimensions 28 cm.
650 #0 - SUBJECT ADDED ENTRY--TOPICAL TERM
Topical term or geographic name entry element Geography.
942 ## - ADDED ENTRY ELEMENTS (KOHA)
Source of classification or shelving scheme Library of Congress Classification
Koha item type Books
Suppress in OPAC No
999 ## -
-- 4041
-- 4041
Holdings
Withdrawn status Lost status Source of classification or shelving scheme Damaged status Not for loan Collection Home library Current library Shelving location Date acquired Total checkouts Full call number Barcode Date last seen Copy number Price effective from Koha item type
    Library of Congress Classification     Non-fiction Business Library (Miotso) Business Library (Miotso) General stacks 02/21/2025   G116 .B73 1997 bssm00000880 02/21/2025 1 02/21/2025 Books
    Library of Congress Classification     Non-fiction Business Library (Miotso) Business Library (Miotso) General stacks 02/21/2025   G116 .B73 1997 bssm00000881 02/21/2025 2 02/21/2025 Books
    Library of Congress Classification     Non-fiction Business Library (Miotso) Business Library (Miotso) General stacks 02/21/2025   G116 .B73 1997 bssm00000882 02/21/2025 3 02/21/2025 Books
    Library of Congress Classification     Non-fiction Business Library (Miotso) Business Library (Miotso) General stacks 02/21/2025   G116 .B73 1997 bssm00000883 02/21/2025 4 02/21/2025 Books
© 2023-2024 Copyright: Central University Libraries. All Rights Reserved | Created by: Mahone Tech Office